00822nam a2200229 a 450000100060000000300080000600500170001400800410003103500180007204000270009004100190011708200220013610000270015824501130018526000570029830000210035550000680037650400400044460000400048465000240052474000440054832169BD-RjUL20211209051810.0140424r19781966ii b 001 0 eng d aBD-RjUL)32258 aBBHcBBHbengdBD-RjUL1 aengchisanhchi04a294.392bRAN 19781 a Ramanan, Krishniah. V10aNāgārjuna's philosophy as presented in the Maha- Prajñāpāramitā-Śāstra /cK. Venkata Ramanan aDelhi :bMotilal Banarsidass,c1975 [Reprinted 1978] a409 p. ;c22 cm. aReprint of the 1966 ed. published by C. E. Tuttle, Rutland, Vt. aBibliography: p. 331-334. and Index00aNāgārjuna,dactive 2nd century. 0aBuddhist philosophy0 aMaha-Prajñāpāramitā-Śāstra.